[Event "Marienbad Open 2016"]
[Site "Marianske Lazne CZE"]
[Date "2016.01.19"]
[Round "4.10"]
[White "Vavra, Pavel"]
[Black "Kozak, Milos"]
[Result "1/2-1/2"]
[WhiteElo "1993"]
[BlackElo "2136"]
[PlyCount "44"]
[EventDate "2016.01.16"]
[EventType "swiss"]
[EventRounds "9"]
[EventCountry "CZE"]
[Source "lmi"]
[SourceDate "2016.01.16"]

1. Nf3 d5 2. d4 Nf6 3. c4 dxc4 4. e3 e6 5. Bxc4 a6 6. a4 c5 7. Nc3 cxd4 8. exd4
Nc6 9. O-O Be7 10. Bg5 O-O 11. Re1 Nb4 12. Ne5 Bd7 13. Qd2 Rc8 14. Bb3 Be8 15.
Rad1 Nfd5 16. Bxe7 Nxe7 17. Ne2 Nbc6 18. Nf4 Qb6 19. Re3 Rd8 20. Nxc6 Bxc6 21.
a5 Qb5 22. Bc2 Bd5 1/2-1/2

[Event "Marienbad Open 2016"]
[Site "Marianske Lazne CZE"]
[Date "2016.01.19"]
[Round "4.11"]
[White "Klepal, Martin"]
[Black "Marczuk, Dominik"]
[Result "0-1"]
[WhiteElo "1922"]
[BlackElo "2277"]
[PlyCount "70"]
[EventDate "2016.01.16"]
[EventType "swiss"]
[EventRounds "9"]
[EventCountry "CZE"]
[Source "lmi"]
[SourceDate "2016.01.16"]

1. c4 e5 2. Nc3 Nf6 3. g3 c6 4. d3 d5 5. Bg2 d4 6. Ne4 Nxe4 7. Bxe4 Be7 8. a3
a5 9. Bg2 a4 10. Nf3 Bf6 11. O-O O-O 12. Ne1 Nd7 13. e4 Nc5 14. Nc2 Be7 15. f4
f6 16. f5 Nb3 17. Rb1 b5 18. cxb5 c5 19. Na1 Nxa1 20. Rxa1 Qa5 21. Rf2 Qxb5 22.
Rc2 Ba6 23. Rc4 Qb3 24. Qxb3 axb3 25. Ra4 Bxd3 26. Rxa8 Rxa8 27. Bd2 Ra4 28.
Rc1 g6 29. g4 Kg7 30. Kf2 c4 31. Bf1 Bc2 32. Re1 c3 33. Bc1 d3 34. bxc3 b2 35.
Bxb2 d2 0-1

[Event "Marienbad Open 2016"]
[Site "Marianske Lazne CZE"]
[Date "2016.01.19"]
[Round "4.12"]
[White "Chekletsov, Ilya"]
[Black "Pniaczek, Marek"]
[Result "1-0"]
[WhiteElo "2246"]
[BlackElo "1916"]
[PlyCount "53"]
[EventDate "2016.01.16"]
[EventType "swiss"]
[EventRounds "9"]
[EventCountry "CZE"]
[Source "lmi"]
[SourceDate "2016.01.16"]

1. Nf3 d5 2. d4 Nf6 3. g3 Bf5 4. Bg2 c6 5. O-O e6 6. b3 Bd6 7. Bb2 Nbd7 8. c4
Qc7 9. Nc3 O-O 10. Rc1 a6 11. Nh4 Bg4 12. cxd5 exd5 13. Nxd5 Nxd5 14. Bxd5 Rae8
15. Bf3 Bxf3 16. Nxf3 Qa5 17. Nd2 Nb6 18. e4 Bb4 19. a3 Bd6 20. f4 f5 21. Bc3
Qb5 22. a4 Nxa4 23. bxa4 Qb6 24. Nc4 Qc7 25. Nxd6 Qxd6 26. Qb3+ Rf7 27. e5 1-0

[Event "Marienbad Open 2016"]
[Site "Marianske Lazne CZE"]
[Date "2016.01.19"]
[Round "4.13"]
[White "Babula, Milan"]
[Black "Kassel, Walter"]
[Result "1-0"]
[WhiteElo "2234"]
[BlackElo "1905"]
[PlyCount "47"]
[EventDate "2016.01.16"]
[EventType "swiss"]
[EventRounds "9"]
[EventCountry "CZE"]
[Source "lmi"]
[SourceDate "2016.01.16"]

1. e4 c5 2. Nf3 d6 3. d4 cxd4 4. Nxd4 Nf6 5. Nc3 a6 6. Bc4 e6 7. a4 Qc7 8. Ba2
Be7 9. O-O O-O 10. f4 Nc6 11. Kh1 Bd7 12. f5 Nxd4 13. Qxd4 Ng4 14. Qd1 Ne5 15.
Bf4 Rad8 16. Qe2 Bf6 17. Rad1 Bc8 18. Rd2 Nc6 19. Qe3 Nb4 20. Bb3 Bxc3 21. bxc3
Nc6 22. f6 Ne5 23. Bxe5 dxe5 24. Qg5 1-0

[Event "Marienbad Open 2016"]
[Site "Marianske Lazne CZE"]
[Date "2016.01.19"]
[Round "4.15"]
[White "Schulz, Michael"]
[Black "Kucera, Jan"]
[Result "1-0"]
[WhiteElo "2158"]
[BlackElo "1800"]
[PlyCount "59"]
[EventDate "2016.01.16"]
[EventType "swiss"]
[EventRounds "9"]
[EventCountry "CZE"]
[Source "lmi"]
[SourceDate "2016.01.16"]

1. d4 d5 2. c4 Nf6 3. cxd5 Nxd5 4. e4 Nb6 5. Nc3 e6 6. Be3 N8d7 7. Nf3 Be7 8.
a4 Nf6 9. a5 Nbd7 10. Bc4 Bb4 11. Qc2 O-O 12. O-O c6 13. a6 b5 14. Bd3 Nb8 15.
e5 Nd5 16. Bxh7+ Kh8 17. Bg5 Be7 18. Bxe7 Qxe7 19. Bd3 Nb4 20. Qe2 Nxd3 21.
Qxd3 Bxa6 22. Ne4 f5 23. Nfg5 g6 24. Qh3+ Kg8 25. Nf6+ Rxf6 26. exf6 Qxf6 27.
Qh7+ Kf8 28. Rxa6 Nxa6 29. Qb7 Qd8 30. Nxe6+ 1-0

[Event "Marienbad Open 2016"]
[Site "Marianske Lazne CZE"]
[Date "2016.01.19"]
[Round "4.23"]
[White "Jedrocha, Katarzyna"]
[Black "Von Keyserlingk, Chanda"]
[Result "1/2-1/2"]
[WhiteElo "1945"]
[BlackElo "1760"]
[PlyCount "93"]
[EventDate "2016.01.16"]
[EventType "swiss"]
[EventRounds "9"]
[EventCountry "CZE"]
[Source "lmi"]
[SourceDate "2016.01.16"]

1. e4 c6 2. d4 d5 3. Nd2 dxe4 4. Nxe4 Nd7 5. Bc4 Ngf6 6. Ng5 e6 7. Qe2 Nb6 8.
Bd3 Nbd5 9. c3 h6 10. N5f3 c5 11. Bd2 a6 12. c4 Nb4 13. Bxb4 cxb4 14. Qe3 Qa5
15. b3 Be7 16. Ne5 O-O 17. Ngf3 Bd6 18. O-O Qc7 19. h3 b6 20. Bc2 Bb7 21. Rfe1
Rae8 22. Qd3 Bxf3 23. Qxf3 Rd8 24. Rad1 Bxe5 25. Rxe5 Rxd4 26. Rxd4 Qxe5 27.
Qd1 Qc7 28. Rd6 Re8 29. Qd4 Qc5 30. Qxc5 bxc5 31. Rxa6 Rc8 32. Kf1 Kf8 33. Ke2
Ke8 34. a3 bxa3 35. Rxa3 Kd8 36. Ra7 Rc7 37. Ra4 Ne8 38. b4 cxb4 39. Rxb4 Nd6
40. Kd3 e5 41. Bb3 f6 42. Rb8+ Rc8 43. Rxc8+ Kxc8 44. c5 Nb7 45. Kc4 Na5+ 46.
Kb4 Nxb3 47. Kxb3 1/2-1/2

[Event "Marienbad Open 2016"]
[Site "Marianske Lazne CZE"]
[Date "2016.01.19"]
[Round "4.24"]
[White "Wulff, Jens-Peter"]
[Black "Musil, Vitezslav"]
[Result "0-1"]
[WhiteElo "1742"]
[BlackElo "1939"]
[PlyCount "60"]
[EventDate "2016.01.16"]
[EventType "swiss"]
[EventRounds "9"]
[EventCountry "CZE"]
[Source "lmi"]
[SourceDate "2016.01.16"]

1. d4 Nf6 2. Nf3 g6 3. Bf4 Bg7 4. e3 d6 5. Bd3 Nh5 6. Bg3 Nxg3 7. hxg3 c5 8. c3
Nc6 9. Nbd2 cxd4 10. exd4 Bg4 11. Qc2 Rc8 12. Qb3 Qb6 13. Qa3 d5 14. Nb3 O-O
15. Nc5 e5 16. Rh4 h5 17. dxe5 Nxe5 18. Nxe5 Rfe8 19. f4 Bxe5 20. Kd2 Bd6 21.
b4 Qc7 22. Rf1 b6 23. Rxg4 hxg4 24. Na4 Qe7 25. Kc2 Bxb4 26. Qb2 Bxc3 27. Nxc3
d4 28. Qb5 Rxc3+ 29. Kb2 Qa3+ 30. Kb1 Rec8 0-1

[Event "Marienbad Open 2016"]
[Site "Marianske Lazne CZE"]
[Date "2016.01.19"]
[Round "4.28"]
[White "Hoke, Petr"]
[Black "Ornet, Tomas"]
[Result "0-1"]
[WhiteElo "1931"]
[BlackElo "1681"]
[PlyCount "54"]
[EventDate "2016.01.16"]
[EventType "swiss"]
[EventRounds "9"]
[EventCountry "CZE"]
[Source "lmi"]
[SourceDate "2016.01.16"]

1. e4 e5 2. Nf3 Nc6 3. d3 Bc5 4. c3 d6 5. Be2 Nge7 6. O-O O-O 7. b4 Bb6 8. a4
a6 9. Be3 Bxe3 10. fxe3 f5 11. exf5 Nxf5 12. Qd2 Be6 13. e4 Nh4 14. d4 Bg4 15.
Na3 Bxf3 16. Bxf3 Nxf3+ 17. Rxf3 Rxf3 18. gxf3 Qf6 19. d5 Ne7 20. Rf1 Rf8 21.
Rf2 Qh4 22. Kf1 Ng6 23. Nc2 Nf4 24. Ne1 Rf6 25. Rg2 Qh3 26. Kf2 Nxg2 27. Qe2
Rg6 0-1

[Event "Marienbad Open 2016"]
[Site "Marianske Lazne CZE"]
[Date "2016.01.19"]
[Round "4.46"]
[White "Haslinger, Ewald"]
[Black "Jesensky, Jaromir"]
[Result "1-0"]
[WhiteElo "1630"]
[BlackElo "1507"]
[PlyCount "89"]
[EventDate "2016.01.16"]
[EventType "swiss"]
[EventRounds "9"]
[EventCountry "CZE"]
[Source "lmi"]
[SourceDate "2016.01.16"]

1. e4 d5 2. exd5 Qxd5 3. Nc3 Qd6 4. d4 Nf6 5. Nf3 c6 6. h3 Bf5 7. Bc4 e6 8. g4
Bg6 9. Ne5 Qb4 10. Nxg6 hxg6 11. Bb3 Nbd7 12. Qd3 O-O-O 13. a3 Qa5 14. Qf3 g5
15. Bd2 Qc7 16. Bxg5 Be7 17. O-O-O Nb6 18. Ne4 Nbd5 19. c4 Nxe4 20. Bxe7 Qxe7
21. Qxe4 Qg5+ 22. Kb1 Nf4 23. h4 Qxg4 24. Rdg1 Qf5 25. Qxf5 exf5 26. Rxg7 Rxd4
27. Rxf7 Nd3 28. Bc2 Kb8 29. Bxd3 Rxd3 30. Rxf5 Rd4 31. h5 Rxc4 32. h6 Rh7 33.
Rf6 Rd4 34. Rg1 Rdd7 35. Rfg6 Kc8 36. Rg8+ Kc7 37. R8g7 Rxh6 38. Rxd7+ Kxd7 39.
Rf1 Rd6 40. Kc2 c5 41. Rd1 b5 42. Rxd6+ Kxd6 43. Kc3 Ke5 44. Kd3 a5 45. a4 1-0

[Event "Marienbad Open 2016"]
[Site "Marianske Lazne CZE"]
[Date "2016.01.19"]
[Round "5.3"]
[White "Volodin, Viktor"]
[Black "Ilandzis, Spyridon"]
[Result "0-1"]
[WhiteElo "2201"]
[BlackElo "2136"]
[PlyCount "96"]
[EventDate "2016.01.16"]
[EventType "swiss"]
[EventRounds "9"]
[EventCountry "CZE"]
[Source "lmi"]
[SourceDate "2016.01.16"]

1. Nf3 Nf6 2. c4 g6 3. d4 Bg7 4. g3 O-O 5. Bg2 d6 6. O-O Nbd7 7. Nc3 e5 8. h3
c6 9. e4 Re8 10. Re1 exd4 11. Nxd4 Nc5 12. Bf4 Nh5 13. Be3 Ne6 14. Nde2 Nc5 15.
b4 Na6 16. a3 Be6 17. Qd3 Nc7 18. Rad1 Bf8 19. g4 Ng7 20. f4 f6 21. f5 Bf7 22.
Bf4 Na6 23. Na4 Qe7 24. Bxd6 Qxd6 25. Qxd6 Bxd6 26. Rxd6 gxf5 27. gxf5 Bxc4 28.
Ng3 Rad8 29. Red1 Rxd6 30. Rxd6 Re7 31. Nb2 Bf7 32. Nd3 Ne8 33. Rd8 Kg7 34. Bf3
b6 35. Kf2 c5 36. b5 Nac7 37. a4 a6 38. Rb8 axb5 39. Rxb6 bxa4 40. e5 a3 41.
Rb7 a2 42. Ra7 Nb5 43. Rxe7 a1=Q 44. Bh5 Qd4+ 45. Ke2 Nc3+ 46. Kd2 c4 47. exf6+
Kh6 48. Be2 Nd6 0-1

[Event "Marienbad Open 2016"]
[Site "Marianske Lazne CZE"]
[Date "2016.01.19"]
[Round "5.5"]
[White "Piotrowski, Przemyslaw"]
[Black "Janska, Jitka"]
[Result "1-0"]
[WhiteElo "2185"]
[BlackElo "2066"]
[PlyCount "79"]
[EventDate "2016.01.16"]
[EventType "swiss"]
[EventRounds "9"]
[EventCountry "CZE"]
[Source "lmi"]
[SourceDate "2016.01.16"]

1. d4 Nf6 2. Nf3 e6 3. g3 b5 4. Bg2 Bb7 5. O-O c5 6. c3 Be7 7. a4 b4 8. cxb4
cxb4 9. Nbd2 O-O 10. a5 Na6 11. Re1 d5 12. Ne5 Nd7 13. Nd3 Qc7 14. e4 Rae8 15.
e5 f5 16. Nb3 Rf7 17. Be3 Rc8 18. Rc1 Qd8 19. Qd2 Bc6 20. Nf4 Nf8 21. Bf1 Nb8
22. Nd3 g5 23. f3 Na6 24. Ndc5 Nxc5 25. dxc5 f4 26. gxf4 gxf4 27. Bf2 Rg7+ 28.
Kh1 d4 29. Nxd4 Qd5 30. Bg2 Rd8 31. Qxb4 Ng6 32. Nxc6 Qxc6 33. Qe4 Qxe4 34.
Rxe4 Nh4 35. Bxh4 Bxh4 36. Bh3 Rg6 37. c6 Rc8 38. c7 Kg7 39. Bg4 Bf2 40. Rb4
1-0

[Event "Marienbad Open 2016"]
[Site "Marianske Lazne CZE"]
[Date "2016.01.19"]
[Round "5.13"]
[White "Vacha, Jaroslav"]
[Black "Schulz, Michael"]
[Result "1-0"]
[WhiteElo "1981"]
[BlackElo "2158"]
[PlyCount "83"]
[EventDate "2016.01.16"]
[EventType "swiss"]
[EventRounds "9"]
[EventCountry "CZE"]
[Source "lmi"]
[SourceDate "2016.01.16"]

1. e4 c5 2. Nf3 g6 3. d4 cxd4 4. Nxd4 Nc6 5. Be3 Nf6 6. Nc3 Bg7 7. Nb3 O-O 8.
f3 d5 9. exd5 Nb4 10. d6 Bf5 11. Nd4 Qxd6 12. a3 Nfd5 13. Nxf5 gxf5 14. axb4
Nxe3 15. Qxd6 exd6 16. Kd2 Rfe8 17. g3 a6 18. Bd3 d5 19. Rae1 d4 20. Nd1 f4 21.
g4 Rac8 22. Nxe3 fxe3+ 23. Kd1 b5 24. Ke2 Rc7 25. f4 Bf8 26. Kf3 Bxb4 27. Re2
f6 28. h4 h6 29. g5 fxg5 30. hxg5 hxg5 31. Reh2 g4+ 32. Kxg4 Rg7+ 33. Kf3 Kf7
34. Rh6 Reg8 35. Be4 Rg3+ 36. Ke2 Re8 37. Bd5+ Ke7 38. Rxa6 Rg7 39. f5 Rf8 40.
Rhh6 Kd8 41. Ra8+ Ke7 42. Ra7+ 1-0

[Event "Marienbad Open 2016"]
[Site "Marianske Lazne CZE"]
[Date "2016.01.19"]
[Round "5.16"]
[White "Von Keyserlingk, Chanda"]
[Black "Swicarz, Maciej"]
[Result "0-1"]
[WhiteElo "1760"]
[BlackElo "2299"]
[PlyCount "66"]
[EventDate "2016.01.16"]
[EventType "swiss"]
[EventRounds "9"]
[EventCountry "CZE"]
[Source "lmi"]
[SourceDate "2016.01.16"]

1. d4 d6 2. c4 e5 3. dxe5 dxe5 4. Qxd8+ Kxd8 5. e4 Bb4+ 6. Bd2 Bxd2+ 7. Nxd2 c6
8. Ngf3 f6 9. c5 Nd7 10. b4 a5 11. Nb3 axb4 12. Nfd2 Nh6 13. Nc4 Kc7 14. Be2
Rd8 15. O-O Nf7 16. Rfd1 Ng5 17. Bg4 Nxe4 18. Bxd7 Bxd7 19. Nb6 Ra6 20. Nxd7
Rxd7 21. Rxd7+ Kxd7 22. f3 Nc3 23. Kf1 Kc7 24. Nc1 Ra5 25. Nd3 b3 26. a3 Rb5
27. Nb2 Rxc5 28. Rc1 Na4 29. Rxc5 Nxc5 30. Ke2 b5 31. Kd2 Na4 32. Nd3 c5 33.
Kc1 c4 0-1

[Event "Marienbad Open 2016"]
[Site "Marianske Lazne CZE"]
[Date "2016.01.19"]
[Round "5.18"]
[White "Musial, Tomasz"]
[Black "Kolovratnik, Milos"]
[Result "1-0"]
[WhiteElo "1689"]
[BlackElo "2110"]
[PlyCount "41"]
[EventDate "2016.01.16"]
[EventType "swiss"]
[EventRounds "9"]
[EventCountry "CZE"]
[Source "lmi"]
[SourceDate "2016.01.16"]

1. e4 c5 2. c3 d6 3. d4 Nf6 4. Bd3 Nc6 5. Nf3 e5 6. dxe5 dxe5 7. O-O Be7 8. Na3
O-O 9. Nc4 Qc7 10. a4 Rd8 11. Qe2 Be6 12. Ng5 Bg4 13. Nf3 a6 14. Rd1 b5 15. Ne3
c4 16. Nxg4 Nxg4 17. Bc2 Bc5 18. Rf1 Qb6 19. Ng5 Bxf2+ 20. Rxf2 Nxf2 21. Be3
1-0

[Event "Marienbad Open 2016"]
[Site "Marianske Lazne CZE"]
[Date "2016.01.19"]
[Round "5.19"]
[White "Lukasiewicz, Anna"]
[Black "Horyna, Josef"]
[Result "1-0"]
[WhiteElo "2082"]
[BlackElo "1815"]
[PlyCount "45"]
[EventDate "2016.01.16"]
[EventType "swiss"]
[EventRounds "9"]
[EventCountry "CZE"]
[Source "lmi"]
[SourceDate "2016.01.16"]

1. e4 e6 2. d4 d5 3. Nd2 Nf6 4. e5 Nfd7 5. Bd3 c5 6. c3 Nc6 7. Ne2 Qb6 8. Nf3
cxd4 9. cxd4 Qb4+ 10. Bd2 Qxb2 11. Rb1 Qa3 12. Rb3 Qe7 13. O-O Qd8 14. Ng5 Be7
15. f4 g6 16. Qe1 Bxg5 17. fxg5 Qe7 18. Qf2 a5 19. Bb5 Rf8 20. Nc3 Na7 21. Bc1
Nxb5 22. Nxb5 a4 23. Rf3 1-0

[Event "Marienbad Open 2016"]
[Site "Marianske Lazne CZE"]
[Date "2016.01.19"]
[Round "5.22"]
[White "Yudin, Mikhail"]
[Black "Matzeit, Meinhard"]
[Result "1-0"]
[WhiteElo "1423"]
[BlackElo "1920"]
[PlyCount "69"]
[EventDate "2016.01.16"]
[EventType "swiss"]
[EventRounds "9"]
[EventCountry "CZE"]
[Source "lmi"]
[SourceDate "2016.01.16"]

1. e4 c5 2. Nf3 d6 3. d4 cxd4 4. Nxd4 Nf6 5. Nc3 a6 6. Be2 e6 7. O-O Be7 8. f4
Qc7 9. Be3 b5 10. Bf3 Bb7 11. a3 O-O 12. Kh1 h6 13. g4 Nh7 14. Rg1 Qd8 15. Qd2
g5 16. e5 Bxf3+ 17. Nxf3 dxe5 18. Nxe5 Qxd2 19. Bxd2 Rd8 20. Be3 Bf6 21. Rad1
Rxd1 22. Rxd1 Bxe5 23. Rd8+ Nf8 24. fxe5 Kg7 25. Bb6 Nfd7 26. Bc7 f6 27. exf6+
Kxf6 28. Ne4+ Ke7 29. Nd6 a5 30. Nc8+ Kf6 31. Nb6 Nxb6 32. Bxb6 Ke7 33. Bc7 Na6
34. Rxa8 Nxc7 35. Rh8 1-0

[Event "Marienbad Open 2016"]
[Site "Marianske Lazne CZE"]
[Date "2016.01.19"]
[Round "5.24"]
[White "Svec, Jan"]
[Black "Marczuk, Anna"]
[Result "1/2-1/2"]
[WhiteElo "1730"]
[BlackElo "1979"]
[PlyCount "53"]
[EventDate "2016.01.16"]
[EventType "swiss"]
[EventRounds "9"]
[EventCountry "CZE"]
[Source "lmi"]
[SourceDate "2016.01.16"]

1. d4 f5 2. Nf3 Nf6 3. g3 g6 4. Bg2 Bg7 5. O-O O-O 6. Nc3 d6 7. Bf4 h6 8. Bc1
Qe8 9. Re1 c6 10. e4 fxe4 11. Nxe4 Nxe4 12. Rxe4 Bf5 13. Re1 Qd7 14. Nh4 Rf7
15. Nxf5 Qxf5 16. Be3 Nd7 17. c3 Raf8 18. Rf1 Nb6 19. Qe2 Kh7 20. Rad1 Nd5 21.
Bxd5 Qxd5 22. a3 e5 23. dxe5 Qxe5 24. Qd3 d5 25. Bd4 Qb8 26. Bxg7 Kxg7 27. Rde1
1/2-1/2

[Event "Marienbad Open 2016"]
[Site "Marianske Lazne CZE"]
[Date "2016.01.19"]
[Round "5.26"]
[White "Pniaczek, Marek"]
[Black "Haslinger, Ewald"]
[Result "1-0"]
[WhiteElo "1916"]
[BlackElo "1630"]
[PlyCount "27"]
[EventDate "2016.01.16"]
[EventType "swiss"]
[EventRounds "9"]
[EventCountry "CZE"]
[Source "lmi"]
[SourceDate "2016.01.16"]

1. e4 e5 2. Nf3 Nc6 3. Bc4 Bc5 4. O-O Nf6 5. d4 Bxd4 6. Nxd4 Nxd4 7. f4 Nc6 8.
Bxf7+ Kxf7 9. fxe5 Nxe5 10. Qd5+ Ke8 11. Qxe5+ Qe7 12. Qxc7 Nxe4 13. Re1 Kf8
14. Qf4+ 1-0

[Event "Marienbad Open 2016"]
[Site "Marianske Lazne CZE"]
[Date "2016.01.19"]
[Round "5.29"]
[White "Ruzicka, Vaclav"]
[Black "Sadzikowski, Marian"]
[Result "0-1"]
[WhiteElo "1650"]
[BlackElo "1828"]
[PlyCount "52"]
[EventDate "2016.01.16"]
[EventType "swiss"]
[EventRounds "9"]
[EventCountry "CZE"]
[Source "lmi"]
[SourceDate "2016.01.16"]

1. d4 b6 2. c4 Bb7 3. Nc3 e6 4. e4 Bb4 5. Bd3 f5 6. d5 fxe4 7. Qh5+ g6 8. Qe5
Qf6 9. Qxf6 Nxf6 10. Bg5 exd3 11. Bxf6 O-O 12. Bd4 exd5 13. cxd5 Bxd5 14. f3
Nc6 15. Be3 Rae8 16. Kf2 Bxc3 17. bxc3 Ne5 18. Nh3 Ng4+ 19. Kg3 Nxe3 20. Nf4
Rxf4 21. Kxf4 d2 22. Kg3 d1=Q 23. Rhxd1 Nxd1 24. Rxd1 Bc6 25. Rd4 Re2 26. a4
Ra2 0-1

[Event "Marienbad Open 2016"]
[Site "Marianske Lazne CZE"]
[Date "2016.01.19"]
[Round "5.57"]
[White "Szewc, Dobromila"]
[Black "Stocek, Jiri"]
[Result "0-1"]
[WhiteElo "1141"]
[BlackElo "1282"]
[PlyCount "110"]
[EventDate "2016.01.16"]
[EventType "swiss"]
[EventRounds "9"]
[EventCountry "CZE"]
[Source "lmi"]
[SourceDate "2016.01.16"]

1. e4 e5 2. Nf3 Nc6 3. Bc4 h6 4. c3 Bc5 5. d4 exd4 6. cxd4 Bb4+ 7. Nc3 d6 8. a3
Bxc3+ 9. bxc3 Nf6 10. e5 dxe5 11. dxe5 Qxd1+ 12. Kxd1 Ne4 13. Ke2 Nxc3+ 14. Kd3
Na4 15. Re1 Bf5+ 16. Ke2 O-O-O 17. Kf1 Bd3+ 18. Bxd3 Rxd3 19. Rb1 Rhd8 20. g3
Rxf3 21. Kg2 Rfd3 22. Be3 b6 23. Bf4 Rxa3 24. Rbc1 Nc5 25. Be3 Nd3 26. Rxc6
Nxe1+ 27. Kf1 Ra1 28. f4 Nd3+ 29. Kg2 Ra2+ 30. Kh3 Nf2+ 31. Kg2 Ng4+ 32. Kf3
Nxe3 33. Kxe3 Rxh2 34. Kf3 h5 35. f5 Rd3+ 36. Kf4 Rf2+ 37. Kg5 Rxg3+ 38. Kh4
Rg1 39. Kh3 h4 40. Rc4 Rxf5 41. Rxh4 Rh1+ 42. Kg3 Rxh4 43. Kxh4 Rxe5 44. Kg4 a5
45. Kf4 f6 46. Kg4 a4 47. Kf4 a3 48. Kg3 g5 49. Kg4 a2 50. Kg3 a1=Q 51. Kf3
Qf1+ 52. Kg4 Qf4+ 53. Kh3 Re3+ 54. Kg2 Qg3+ 55. Kf1 Re1# 0-1

[Event "Marienbad Open 2016"]
[Site "Marianske Lazne CZE"]
[Date "2016.01.19"]
[Round "5.60"]
[White "Straczek, Wiktoria"]
[Black "Horackova, Isabela"]
[Result "0-1"]
[WhiteElo "1000"]
[BlackElo "1107"]
[PlyCount "58"]
[EventDate "2016.01.16"]
[EventType "swiss"]
[EventRounds "9"]
[EventCountry "CZE"]
[Source "lmi"]
[SourceDate "2016.01.16"]

1. d4 d5 2. Nf3 Nf6 3. e3 c6 4. Bd3 Bg4 5. h3 Bh5 6. b3 e6 7. Bb2 Bd6 8. Be2 h6
9. O-O Qe7 10. Ne5 Bxe2 11. Qxe2 Ne4 12. Nd2 Nxd2 13. Qxd2 Nd7 14. f4 Nf6 15.
Qe2 Ne4 16. Qg4 Rg8 17. f5 Nf6 18. Qg3 O-O-O 19. Qe1 Ne4 20. Qa5 a6 21. Qb6 Bc7
22. Qa7 Qd6 23. a4 f6 24. Ba3 c5 25. dxc5 Qxe5 26. Rfe1 Qh2+ 27. Kf1 Qh1+ 28.
Ke2 Qxg2+ 29. Kd3 Qd2# 0-1

[Event "Marienbad Open 2016"]
[Site "Marianske Lazne CZE"]
[Date "2016.01.20"]
[Round "6.3"]
[White "Voinikonis, Nikita"]
[Black "Stigar, Petter"]
[Result "1-0"]
[WhiteElo "1972"]
[BlackElo "2254"]
[PlyCount "49"]
[EventDate "2016.01.16"]
[EventType "swiss"]
[EventRounds "9"]
[EventCountry "CZE"]
[Source "lmi"]
[SourceDate "2016.01.16"]

1. e4 c5 2. Nf3 e6 3. d4 cxd4 4. Nxd4 Nf6 5. Nc3 d6 6. g4 h6 7. Be3 Nc6 8. h3
a6 9. Qe2 Qc7 10. f4 Bd7 11. O-O-O O-O-O 12. Bg2 Kb8 13. Rhf1 Bc8 14. e5 Ne8
15. Nxc6+ bxc6 16. Qf2 Rd7 17. Na4 d5 18. Bb6 Qb7 19. Nc5 Bxc5 20. Qxc5 Re7 21.
Rd3 Qd7 22. Rb3 Bb7 23. Rff3 Nc7 24. Rb4 Ka8 25. Rfb3 1-0

[Event "Marienbad Open 2016"]
[Site "Marianske Lazne CZE"]
[Date "2016.01.20"]
[Round "6.5"]
[White "Dovzhenko, Viktor"]
[Black "Vacha, Jaroslav"]
[Result "1-0"]
[WhiteElo "2194"]
[BlackElo "1981"]
[PlyCount "29"]
[EventDate "2016.01.16"]
[EventType "swiss"]
[EventRounds "9"]
[EventCountry "CZE"]
[Source "lmi"]
[SourceDate "2016.01.16"]

1. e4 e6 2. d4 d5 3. exd5 exd5 4. Nc3 c6 5. Bd3 Bd6 6. h3 Qf6 7. Nf3 h6 8. Qe2+
Ne7 9. g4 g5 10. Bd2 Be6 11. O-O-O Nd7 12. Rde1 O-O-O 13. Ne5 Ng6 14. Nxg6 fxg6
15. Qxe6 1-0

[Event "Marienbad Open 2016"]
[Site "Marianske Lazne CZE"]
[Date "2016.01.20"]
[Round "6.6"]
[White "Janska, Jitka"]
[Black "Ivanov, Mikhail M"]
[Result "0-1"]
[WhiteElo "2066"]
[BlackElo "2359"]
[PlyCount "120"]
[EventDate "2016.01.16"]
[EventType "swiss"]
[EventRounds "9"]
[EventCountry "CZE"]
[Source "lmi"]
[SourceDate "2016.01.16"]

1. e4 c5 2. Nc3 d6 3. Bb5+ Bd7 4. Bxd7+ Qxd7 5. d3 Nc6 6. Be3 g6 7. Nf3 Bg7 8.
O-O Nf6 9. h3 e5 10. Qd2 h6 11. Nh2 g5 12. Qe2 Nd4 13. Bxd4 cxd4 14. Nd5 Nxd5
15. exd5 O-O 16. c4 dxc3 17. bxc3 Rac8 18. c4 b5 19. Rab1 bxc4 20. dxc4 Rc7 21.
Rb4 f5 22. Rfb1 e4 23. Rb8 Qe7 24. Rxf8+ Qxf8 25. g4 Bd4 26. gxf5 Qxf5 27. Ng4
Kh7 28. Rd1 Bg7 29. Re1 Re7 30. Kg2 Qf4 31. Qe3 h5 32. Nh2 Kh6 33. Re2 Bf6 34.
Nf1 Qf3+ 35. Kg1 Qxe3 36. Rxe3 Bd4 37. Re2 Kg6 38. Kg2 h4 39. Ne3 Bxe3 40. Rxe3
Kf5 41. f3 exf3+ 42. Rxf3+ Kg6 43. Ra3 Rd7 44. Re3 Kf5 45. Kf3 Rc7 46. Re4 Rc5
47. a3 Ra5 48. Re3 Ra4 49. Rc3 Ke5 50. Ke3 Ra5 51. Rd3 Ra6 52. Kf3 Ra4 53. c5
Rf4+ 54. Ke3 dxc5 55. d6 Rf8 56. d7 Rd8 57. Kf3 Ke6 58. Rc3 Kd5 59. Kg4 Rxd7
60. Kxg5 Rh7 0-1

[Event "Marienbad Open 2016"]
[Site "Marianske Lazne CZE"]
[Date "2016.01.20"]
[Round "6.7"]
[White "Swicarz, Maciej"]
[Black "Svidinsky, Dmitry"]
[Result "1-0"]
[WhiteElo "2299"]
[BlackElo "2072"]
[PlyCount "78"]
[EventDate "2016.01.16"]
[EventType "swiss"]
[EventRounds "9"]
[EventCountry "CZE"]
[Source "lmi"]
[SourceDate "2016.01.16"]

1. e4 c6 2. d4 d5 3. f3 g6 4. Nc3 Bg7 5. Be3 dxe4 6. fxe4 Qb6 7. Na4 Qa5+ 8. c3
Nf6 9. Bd3 O-O 10. Nf3 Bg4 11. O-O Nbd7 12. b4 Qc7 13. Qe1 a5 14. a3 axb4 15.
axb4 b5 16. Nc5 Rxa1 17. Qxa1 Nxc5 18. bxc5 Bxf3 19. gxf3 e5 20. Rf2 Nh5 21.
Ra2 exd4 22. cxd4 Nf4 23. Bf1 Qd8 24. Kh1 Qh4 25. Qc1 Ne6 26. d5 Nd4 27. Qd1
Qf6 28. f4 Qe7 29. Bg2 Nf5 30. Bf2 Nh4 31. d6 Qf6 32. e5 Qxf4 33. Bxc6 Bxe5 34.
Bg3 Qb4 35. Bxe5 Qxc5 36. Bd5 Nf5 37. Rc2 Qe3 38. Bxf7+ Rxf7 39. Rc8+ Rf8 1-0

[Event "Marienbad Open 2016"]
[Site "Marianske Lazne CZE"]
[Date "2016.01.20"]
[Round "6.8"]
[White "Fokin, Stanislav"]
[Black "Marczuk, Dominik"]
[Result "1-0"]
[WhiteElo "2037"]
[BlackElo "2277"]
[PlyCount "73"]
[EventDate "2016.01.16"]
[EventType "swiss"]
[EventRounds "9"]
[EventCountry "CZE"]
[Source "lmi"]
[SourceDate "2016.01.16"]

1. e4 c5 2. Nf3 d6 3. d4 cxd4 4. Nxd4 Nf6 5. Nc3 a6 6. Be3 e5 7. Nb3 Be7 8. Be2
O-O 9. g4 Be6 10. g5 Ne8 11. Qd2 Nd7 12. O-O-O a5 13. a4 Nb6 14. Kb1 Nc4 15.
Bxc4 Bxc4 16. f4 f5 17. h4 fxe4 18. fxe5 Rf5 19. exd6 Nxd6 20. Bf4 Nf7 21. Qe3
Qc8 22. Qxe4 Bb4 23. Nd5 Bxd5 24. Rxd5 Rxd5 25. Qxd5 Ra6 26. Nd4 Bd6 27. Rf1
Bxf4 28. Rxf4 Qe8 29. Nb5 Rc6 30. Re4 Qf8 31. Rf4 h6 32. b3 hxg5 33. hxg5 Rc5
34. Qe6 Rc6 35. Qf5 g6 36. Qd7 Kg7 37. Nd4 1-0